Correctly Spelled or Not? - Sudden Death - Statistics

General Stats
  • This quiz has been taken 601 times
  • The average score is 5 of 16
Answers on the Grid
Answers color-coded by a green-red scale on the quiz's grid according to % correct below.
Accommodations
Analyses
Aslant
Calender
Calfs
Carousel
Comprehensible
Continous
Correctly
Creater
Experience
Expresable
Genera
Gourd
Guardian
Heroic
Humanety
Humerous
Indisputable
Mispelled
Noblety
Phillippines
Preparation
Receive
Religous
Remedy
Sceince
Seperate
Specificity
Treatice
Tresure
Vertexs
 
Answer Stats
Answer % Correct
Correctly
56%
Accommodations
46%
Guardian
44%
Heroic
41%
Carousel
38%
Comprehensible
35%
Experience
35%
Analyses
30%
Receive
27%
Remedy
27%
Gourd
23%
Indisputable
23%
Preparation
23%
Specificity
18%
Aslant
7%
Genera
7%
No matching quizzes found
Score Distribution
Percent of People with Each Score
Percentile by Number Answered
Your Score History
You have not taken this quiz